[Event "Muensterland Regionalliga Gr2 2223"]
[Site "Germany"]
[Date "2022.11.05"]
[Round "3.1"]
[White "Kolakovic, Klaudio"]
[Black "Greifenberg, Daniel"]
[Result "1-0"]
[WhiteElo "2049"]
[BlackElo "2057"]
[PlyCount "73"]
[EventDate "2022.09.03"]
[EventType "team-tourn"]
[EventRounds "5"]
[EventCountry "GER"]
[SourceTitle "EXT 2024"]
[Source "ChessBase"]
[SourceDate "2023.10.10"]
[SourceVersion "1"]
[SourceVersionDate "2023.10.10"]
[SourceQuality "1"]
[WhiteTeam "Suedlohn"]
[BlackTeam "Raesfeld Erle II"]
[WhiteTeamCountry "GER"]
[BlackTeamCountry "GER"]

1. e4 c5 2. Nf3 Nc6 3. c4 g6 4. Nc3 Bg7 5. d3 d6 6. Be3 Bg4 7. Be2 e6 8. h3 Bxf3 9. Bxf3 Nge7 10. 0-0 0-0 11. Qd2 Nd4 12. Bd1 f5 13. Bxd4 Bxd4 14. Ne2 Bf6 15. Rb1 Nc6 16. Ba4 Nd4 17. Nxd4 Bxd4 18. exf5 Rxf5 19. Rbe1 Qe7 20. Kh1 Raf8 21. f3 Be5 22. Re4 Kg7 23. Qe2 h5 24. b4 b6 25. bxc5 bxc5 26. Bc2 Qg5 27. Qe1 d5 28. cxd5 exd5 29. Ra4 R5f7 30. d4 Bxd4 31. Ra6 Bf6 32. f4 Qh6 33. Qa5 c4 34. Qxd5 Rc7 35. Qa5 Rff7 36. Rxf6 Kxf6 37. Qe5# 1-0

[Event "Muensterland Regionalliga Gr2 2223"]
[Site "Germany"]
[Date "2022.09.03"]
[Round "1.1"]
[White "Wilger, Frank"]
[Black "Greifenberg, Daniel"]
[Result "0-1"]
[WhiteElo "2109"]
[BlackElo "2057"]
[PlyCount "76"]
[EventDate "2022.09.03"]
[EventType "team-tourn"]
[EventRounds "5"]
[EventCountry "GER"]
[SourceTitle "EXT 2024"]
[Source "ChessBase"]
[SourceDate "2023.10.10"]
[SourceVersion "1"]
[SourceVersionDate "2023.10.10"]
[SourceQuality "1"]
[WhiteTeam "Raesfeld Erle"]
[BlackTeam "Raesfeld Erle II"]
[WhiteTeamCountry "GER"]
[BlackTeamCountry "GER"]

1. d4 Nf6 2. Nf3 c5 3. d5 b5 4. a4 Bb7 5. axb5 Bxd5 6. Bg5 e6 7. Nc3 Bb7 8. e4 h6 9. Bxf6 Qxf6 10. Bd3 d5 11. 0-0 Nd7 12. exd5 exd5 13. Re1+ Be7 14. Qe2 g6 15. b3 Kf8 16. Ra4 Bd6 17. Nb1 Nb6 18. Ra2 c4 19. bxc4 dxc4 20. Be4 Re8 21. Bxb7 Rxe2 22. Rxe2 Bb8 23. c3 Kg7 24. g3 Qf5 25. Rab2 Rd8 26. Nbd2 Na4 27. Be4 Qf6 28. Rc2 Nxc3 29. Re3 Nxb5 30. Rxc4 a6 31. Kg2 Ba7 32. Re1 Rxd2 33. Nxd2 Qxf2+ 34. Kh3 Qxe1 35. Rc2 Nd4 36. Ra2 Ne6 37. Bd3 Ng5+ 38. Kg4 Qe6+ 0-1

[Event "Muensterland op 38th"]
[Site "Muenster"]
[Date "2021.10.11"]
[Round "5"]
[White "Huber, Benedikt"]
[Black "Greifenberg, Daniel"]
[Result "0-1"]
[WhiteElo "2271"]
[BlackElo "2147"]
[PlyCount "116"]
[EventDate "2021.10.08"]
[EventType "swiss"]
[EventRounds "9"]
[EventCountry "GER"]
[SourceTitle "EXT 2023"]
[Source "ChessBase"]
[SourceDate "2022.10.05"]
[SourceVersion "1"]
[SourceVersionDate "2022.10.05"]
[SourceQuality "1"]

1. d4 Nf6 2. c4 e6 3. Nc3 Bb4 4. f3 c5 5. d5 0-0 6. e4 b5 7. Nh3 bxc4 8. Bxc4 Ba6 9. Bxa6 Nxa6 10. Nf4 exd5 11. Nfxd5 Nxd5 12. Qxd5 Nc7 13. Qd6 Nb5 14. Qd3 Nxc3 15. bxc3 Qh4+ 16. g3 Qf6 17. Bd2 Rac8 18. Rb1 Ba5 19. Rb5 c4 20. Qd4 Qa6 21. Rg5 g6 22. Ke2 Bb6 23. Qd6 Rc6 24. Qxd7 Rd8 25. Qxc6 Rxd2+ 26. Kxd2 Qxa2+ 27. Kd1 Qb1+ 28. Kd2 Qd3+ 29. Ke1 Qe3+ 30. Kd1 Qxf3+ 31. Kc2 Qg2+ 32. Kb1 Qxh1+ 33. Kb2 Qxh2+ 34. Ka3 Qc2 35. Rb5 Qxc3+ 36. Ka2 Qxg3 37. Qxc4 h5 38. Rb3 Qf2+ 39. Rb2 Qd4 40. Qc6 Qe5 41. Qd5 Qxd5+ 42. exd5 f5 43. d6 Kf7 44. Re2 f4 45. d7 g5 46. Re5 g4 47. Rxh5 f3 48. Rg5 f2 49. d8Q Bxd8 50. Rf5+ Ke6 51. Rxf2 Ke5 52. Kb3 Bb6 53. Rf8 g3 54. Rg8 Kf4 55. Kc3 Kf3 56. Kd3 g2 57. Rf8+ Kg3 58. Rg8+ Kf2 0-1

[Event "Muensterland op 38th"]
[Site "Muenster"]
[Date "2021.10.10"]
[Round "3"]
[White "Greifenberg, Daniel"]
[Black "Schmider, Niklas"]
[Result "1-0"]
[WhiteElo "2147"]
[BlackElo "2341"]
[PlyCount "71"]
[EventDate "2021.10.08"]
[EventType "swiss"]
[EventRounds "9"]
[EventCountry "GER"]
[SourceTitle "EXT 2023"]
[Source "ChessBase"]
[SourceDate "2022.10.05"]
[SourceVersion "1"]
[SourceVersionDate "2022.10.05"]
[SourceQuality "1"]

1. c4 e6 2. Nc3 d5 3. d4 c6 4. e4 dxe4 5. Nxe4 Bb4+ 6. Bd2 Qxd4 7. Bxb4 Qxe4+ 8. Be2 Na6 9. Bd6 Qxg2 10. Bf3 Qg6 11. Ne2 Nf6 12. Rg1 Qf5 13. Nd4 Qa5+ 14. b4 Nxb4 15. Kf1 e5 16. Nb3 Bh3+ 17. Bg2 Bxg2+ 18. Rxg2 Qa6 19. Qe2 0-0-0 20. Bxb4 Nh5 21. Nc5 Qb6 22. Qg4+ Kb8 23. Rb1 g6 24. Nd7+ Rxd7 25. Qxd7 c5 26. Qd5 Rc8 27. Qxe5+ Ka8 28. Qe3 a5 29. a3 axb4 30. axb4 Qa6 31. b5 Qa2 32. Rc1 Rd8 33. f3 Qa4 34. Rd2 Qa5 35. Rxd8+ Qxd8 36. Ra1+ 1-0

[Event "Muensterland op 38th"]
[Site "Muenster"]
[Date "2021.10.10"]
[Round "4"]
[White "Kersten, Uwe"]
[Black "Greifenberg, Daniel"]
[Result "1-0"]
[WhiteElo "2244"]
[BlackElo "2147"]
[PlyCount "61"]
[EventDate "2021.10.08"]
[EventType "swiss"]
[EventRounds "9"]
[EventCountry "GER"]
[SourceTitle "EXT 2023"]
[Source "ChessBase"]
[SourceDate "2022.10.05"]
[SourceVersion "1"]
[SourceVersionDate "2022.10.05"]
[SourceQuality "1"]

1. e4 c5 2. Nf3 Nc6 3. Bb5 d6 4. 0-0 Bd7 5. Re1 a6 6. Bxc6 Bxc6 7. d4 cxd4 8. Nxd4 e5 9. Nxc6 bxc6 10. c4 Be7 11. Nc3 Nf6 12. b3 Qa5 13. Bb2 0-0 14. Qc2 Ng4 15. Na4 Rac8 16. c5 f6 17. Qc4+ Kh8 18. Qe6 f5 19. Qxe7 Qd2 20. Qh4 Rc7 21. Rad1 Qc2 22. cxd6 Rd7 23. exf5 Qxf5 24. f3 Nf6 25. Rxe5 Qc2 26. Qd4 Nd5 27. Qd3 Qxd3 28. Rxd3 Rfd8 29. Ba3 Kg8 30. Nc3 Nf4 31. Rde3 1-0

[Event "Muensterland Regionalliga 1819"]
[Site "Germany"]
[Date "2019.05.11"]
[Round "9.2"]
[White "Greifenberg, Daniel"]
[Black "Schulze Ameling, Hendrik"]
[Result "1/2-1/2"]
[WhiteElo "2051"]
[BlackElo "1983"]
[PlyCount "21"]
[EventDate "2018.09.08"]
[EventType "team-tourn"]
[EventRounds "9"]
[EventCountry "GER"]
[SourceTitle "EXT 2020"]
[Source "ChessBase"]
[SourceDate "2019.10.17"]
[SourceVersion "1"]
[SourceVersionDate "2019.10.17"]
[SourceQuality "1"]
[WhiteTeam "Raesfeld Erle"]
[BlackTeam "Ahaus Wessum"]
[WhiteTeamCountry "GER"]
[BlackTeamCountry "GER"]

1. d4 e6 2. Nf3 f5 3. g3 Nf6 4. Bg2 d5 5. 0-0 c6 6. Nbd2 b5 7. Ne5 Qd6 8. Nb3 a5 9. a4 b4 10. f3 Ba6 11. Re1 1/2-1/2

[Event "Muensterland Regionalliga 1819"]
[Site "Germany"]
[Date "2019.01.12"]
[Round "5.2"]
[White "Greifenberg, Daniel"]
[Black "Monsma, Menno"]
[Result "1/2-1/2"]
[WhiteElo "2051"]
[BlackElo "2061"]
[PlyCount "154"]
[EventDate "2018.09.08"]
[EventType "team-tourn"]
[EventRounds "9"]
[EventCountry "GER"]
[SourceTitle "EXT 2020"]
[Source "ChessBase"]
[SourceDate "2019.10.17"]
[SourceVersion "1"]
[SourceVersionDate "2019.10.17"]
[SourceQuality "1"]
[WhiteTeam "Raesfeld Erle"]
[BlackTeam "Gronau"]
[WhiteTeamCountry "GER"]
[BlackTeamCountry "GER"]

1. d4 Nf6 2. c4 e6 3. Nf3 d5 4. Bg5 c6 5. Nbd2 Be7 6. e3 Nbd7 7. Bd3 0-0 8. 0-0 b6 9. Qa4 Bb7 10. Rfc1 Re8 11. h3 Bd6 12. cxd5 exd5 13. b4 Qb8 14. Bh4 h6 15. Nf1 Ne4 16. Bxe4 dxe4 17. N3d2 a5 18. bxa5 Rxa5 19. Qc2 g5 20. Bg3 Bxg3 21. Nxg3 f5 22. Qb3+ Kg7 23. Nc4 Rb5 24. Qa3 Re6 25. Rab1 Kg6 26. h4 f4 27. Ne2 Rxb1 28. Rxb1 b5 29. Nd2 Nf6 30. exf4 gxf4 31. Qh3 Qd6 32. h5+ Kh7 33. Qf5+ Kh8 34. Nxf4 Re8 35. Ng6+ Kg7 36. Ne5 Re7 37. Nxe4 Nxe4 38. Qxe4 c5 39. Qg4+ Kh7 40. Qf5+ Kg8 41. Ng6 Rf7 42. Qxc5 Qf6 43. f3 Kh7 44. Rxb5 Bxf3 45. Qe5 Bxh5 46. Qxf6 Rxf6 47. Rxh5 Kxg6 48. Ra5 Rd6 49. d5 Kf5 50. Kf2 Ke4 51. Kg3 Rg6+ 52. Kh3 h5 53. Ra4+ Ke5 54. g3 Rf6 55. Kh4 Rf3 56. Ra5 Kd6 57. a3 Rb3 58. a4 Ra3 59. Ra8 Kxd5 60. a5 Ke6 61. a6 Kf7 62. a7 Kg7 63. Kxh5 Ra5+ 64. Kg4 Ra4+ 65. Kf5 Ra5+ 66. Ke4 Ra4+ 67. Kd5 Ra5+ 68. Kc6 Ra1 69. Kd5 Ra2 70. Ke5 Ra1 71. g4 Ra5+ 72. Kd6 Ra1 73. g5 Ra2 74. Re8 Rxa7 75. Re7+ Rxe7 76. Kxe7 Kg6 77. Ke6 Kxg5 1/2-1/2

[Event "Muensterland Regionalliga 1819"]
[Site "Germany"]
[Date "2018.12.01"]
[Round "4.3"]
[White "Greifenberg, Daniel"]
[Black "Baumann, Stephan"]
[Result "1/2-1/2"]
[WhiteElo "2051"]
[BlackElo "2023"]
[PlyCount "42"]
[EventDate "2018.09.08"]
[EventType "team-tourn"]
[EventRounds "9"]
[EventCountry "GER"]
[SourceTitle "EXT 2020"]
[Source "ChessBase"]
[SourceDate "2019.10.17"]
[SourceVersion "1"]
[SourceVersionDate "2019.10.17"]
[SourceQuality "1"]
[WhiteTeam "Raesfeld Erle"]
[BlackTeam "Muenster II"]
[WhiteTeamCountry "GER"]
[BlackTeamCountry "GER"]

1. d4 Nf6 2. c4 e5 3. dxe5 Ng4 4. Nf3 Bc5 5. e3 Nc6 6. Bd2 0-0 7. Be2 Re8 8. 0-0 Ngxe5 9. Bc3 Nxf3+ 10. Bxf3 Qh4 11. Nd2 a5 12. g3 Qh6 13. a3 d6 14. Ne4 Ba7 15. h4 Qg6 16. Ng5 Re7 17. Qd5 Be6 18. Qb5 Bd7 19. Qd5 Be6 20. Qb5 Bd7 21. Qd5 Be6 1/2-1/2

[Event "Muensterland Regionalliga 1819"]
[Site "Germany"]
[Date "2018.11.10"]
[Round "3.3"]
[White "Hunhoff, Sebastian"]
[Black "Greifenberg, Daniel"]
[Result "0-1"]
[WhiteElo "1936"]
[BlackElo "2051"]
[PlyCount "66"]
[EventDate "2018.09.08"]
[EventType "team-tourn"]
[EventRounds "9"]
[EventCountry "GER"]
[SourceTitle "EXT 2020"]
[Source "ChessBase"]
[SourceDate "2019.10.17"]
[SourceVersion "1"]
[SourceVersionDate "2019.10.17"]
[SourceQuality "1"]
[WhiteTeam "Bocholt"]
[BlackTeam "Raesfeld Erle"]
[WhiteTeamCountry "GER"]
[BlackTeamCountry "GER"]

1. c4 b6 2. Nc3 Bb7 3. e4 e6 4. g3 Bb4 5. Nge2 f5 6. Bg2 Nf6 7. f3 c5 8. 0-0 Nc6 9. d3 Qe7 10. a3 Bxc3 11. Nxc3 fxe4 12. dxe4 0-0-0 13. Bf4 d6 14. Nb5 e5 15. Bd2 Ba6 16. Qa4 Kb7 17. Bh3 h5 18. b4 Bxb5 19. Qxb5 Ne8 20. Qa4 Nc7 21. Qb3 Nd4 22. Qa2 Rdf8 23. Kg2 h4 24. a4 hxg3 25. hxg3 Nxf3 26. a5 bxa5 27. bxa5 Nxd2 28. a6+ Nxa6 29. Qxa6+ Ka8 30. Qc6+ Qb7 31. Rxf8+ Rxf8 32. Qxd6 Qxe4+ 33. Kg1 Qd4+ 0-1

[Event "Muensterland Regionalliga 1718"]
[Site "Germany"]
[Date "2017.12.02"]
[Round "4.4"]
[White "Hartmann, Steffen"]
[Black "Greifenberg, Daniel"]
[Result "0-1"]
[WhiteElo "1914"]
[BlackElo "2028"]
[PlyCount "108"]
[EventDate "2017.09.02"]
[EventType "team-tourn"]
[EventRounds "9"]
[EventCountry "GER"]
[SourceTitle "EXT 2019"]
[Source "ChessBase"]
[SourceDate "2018.10.10"]
[SourceVersion "1"]
[SourceVersionDate "2018.10.10"]
[SourceQuality "1"]
[WhiteTeam "Muenster SK III"]
[BlackTeam "Raesfeld Erle"]
[WhiteTeamCountry "GER"]
[BlackTeamCountry "GER"]

1. e4 c6 2. d4 d5 3. Nd2 dxe4 4. Nxe4 Nd7 5. Nf3 Ngf6 6. Ng3 e6 7. Bd3 Qc7 8. 0-0 Bd6 9. Re1 0-0 10. Qe2 b6 11. Ne5 Bb7 12. Bg5 Rae8 13. Nh5 Nd5 14. Nxg7 Kxg7 15. Qh5 f5 16. Bh6+ Kh8 17. Bxf8 Rxf8 18. Ng6+ Kg7 19. Nxf8 Nxf8 20. c4 Nf4 21. Qg5+ N8g6 22. Bxf5 h6 23. Qg4 exf5 24. Qxf5 Bc8 25. Qe4 Kf6 26. g3 Nh3+ 27. Kg2 Ng5 28. Qd3 Qd7 29. f4 Qh3+ 30. Kg1 Nxf4 31. Qf1 Bg4 32. Re3 Kg7 33. Rae1 Qxf1+ 34. Kxf1 Bh3+ 35. Kf2 Ng2 36. Re7+ Kf6 37. Rxa7 Nxe1 38. Kxe1 Nf3+ 39. Kf2 Nxd4 40. Rh7 Kg6 41. Rb7 Be6 42. Ke3 Bc5 43. Kd3 Nf3 44. Ke4 Nd2+ 45. Ke5 Bxc4 46. b4 Bf2 47. a4 Bb3 48. a5 bxa5 49. bxa5 Nc4+ 50. Kf4 Nxa5 51. Rb4 Bc5 52. Re4 Bd5 53. Ra4 Nc4 54. h4 h5 0-1

[Event "Muensterland Regionalliga 1718"]
[Site "Germany"]
[Date "2017.09.30"]
[Round "2.4"]
[White "Hofene, Josef"]
[Black "Greifenberg, Daniel"]
[Result "0-1"]
[WhiteElo "1786"]
[BlackElo "2028"]
[PlyCount "106"]
[EventDate "2017.09.02"]
[EventType "team-tourn"]
[EventRounds "9"]
[EventCountry "GER"]
[SourceTitle "EXT 2019"]
[Source "ChessBase"]
[SourceDate "2018.10.10"]
[SourceVersion "1"]
[SourceVersionDate "2018.10.10"]
[SourceQuality "1"]
[WhiteTeam "Beelen"]
[BlackTeam "Raesfeld Erle"]
[WhiteTeamCountry "GER"]
[BlackTeamCountry "GER"]

1. e4 c6 2. d4 d5 3. Nc3 dxe4 4. Nxe4 Nd7 5. Nf3 Ngf6 6. Ng3 e6 7. c3 Be7 8. Bd3 c5 9. 0-0 b6 10. Re1 Bb7 11. Qe2 0-0 12. Bd2 Qc7 13. Rad1 Rfd8 14. Ng5 Nf8 15. Nf5 Rd7 16. Nxe7+ Rxe7 17. dxc5 bxc5 18. Ne4 Nxe4 19. Bxe4 Ng6 20. Qf3 Rb8 21. Bxb7 Rxb7 22. Bc1 h6 23. Qe4 Rd7 24. f4 Qd8 25. Rxd7 Rxd7 26. f5 Nf8 27. Be3 exf5 28. Qxf5 Ne6 29. Rf1 g6 30. Qf3 Kg7 31. Qf2 Qe7 32. Qf3 a5 33. Rd1 Rxd1+ 34. Qxd1 Ng5 35. Qd2 Qe4 36. Bxg5 hxg5 37. h3 Qb1+ 38. Kh2 Qxa2 39. Qxg5 Qxb2 40. Qxc5 Qb8+ 41. Kg1 Qb1+ 42. Kh2 Qf5 43. Qa3 Qf4+ 44. Kg1 Qe3+ 45. Kh2 Qe5+ 46. Kh1 Qb5 47. c4 Qb1+ 48. Kh2 Qb4 49. Qd3 a4 50. Qd4+ Kg8 51. Qd8+ Qf8 52. Qa5 a3 53. c5 Qb8+ 0-1

[Event "Muensterland Regionalliga 1718"]
[Site "Germany"]
[Date "2017.09.02"]
[Round "1.4"]
[White "Seegers, Hendrik"]
[Black "Greifenberg, Daniel"]
[Result "0-1"]
[WhiteElo "2109"]
[BlackElo "2028"]
[PlyCount "95"]
[EventDate "2017.09.02"]
[EventType "team-tourn"]
[EventRounds "9"]
[EventCountry "GER"]
[SourceTitle "EXT 2019"]
[Source "ChessBase"]
[SourceDate "2018.10.10"]
[SourceVersion "1"]
[SourceVersionDate "2018.10.10"]
[SourceQuality "1"]
[WhiteTeam "Neuenkirchen"]
[BlackTeam "Raesfeld Erle"]
[WhiteTeamCountry "GER"]
[BlackTeamCountry "GER"]

1. d4 Nf6 2. Nf3 e6 3. Bf4 d5 4. e3 c5 5. c3 Nc6 6. Nbd2 Be7 7. h3 0-0 8. Bd3 Bd7 9. 0-0 Qb6 10. Qb3 Rfc8 11. Qxb6 axb6 12. Rfe1 cxd4 13. Nxd4 Nh5 14. Bh2 g6 15. g4 Nf6 16. a3 Bf8 17. Rad1 Nxd4 18. exd4 Ba4 19. Rc1 Bh6 20. f4 Bg7 21. Nf3 h5 22. Ne5 hxg4 23. hxg4 Ne8 24. f5 gxf5 25. gxf5 Bh6 26. Ra1 Nf6 27. Kf2 Kf8 28. fxe6 fxe6 29. Rg1 Ke7 30. Rg6 Rh8 31. Bg3 Rag8 32. Bh4 Be3+ 33. Kg3 Bf4+ 34. Kh3 Rxh4+ 35. Kg2 Bxe5 36. Rxg8 Nxg8 37. dxe5 Nh6 38. Kg3 Rh5 39. Kf4 Nf7 40. Re1 Rh2 41. Rb1 Bc2 42. Bxc2 Rxc2 43. a4 Kd7 44. a5 bxa5 45. Ra1 b6 46. b4 Rxc3 47. bxa5 bxa5 48. Rxa5 0-1

[Event "Muensterland Regionalliga 1617"]
[Site "Germany"]
[Date "2017.05.13"]
[Round "9.2"]
[White "Ringwelski, Marius"]
[Black "Greifenberg, Daniel"]
[Result "1/2-1/2"]
[WhiteElo "1998"]
[BlackElo "2019"]
[PlyCount "55"]
[EventDate "2016.09.17"]
[EventType "team"]
[EventRounds "9"]
[EventCountry "GER"]
[SourceTitle "EXT 2018"]
[Source "ChessBase"]
[SourceDate "2017.10.13"]
[SourceVersion "1"]
[SourceVersionDate "2017.10.13"]
[SourceQuality "1"]
[WhiteTeam "Nienberge"]
[BlackTeam "Raesfeld Erle"]
[WhiteTeamCountry "GER"]
[BlackTeamCountry "GER"]

1. d4 d5 2. Nf3 Nf6 3. c4 c6 4. e3 Bg4 5. Nc3 e6 6. h3 Bh5 7. g4 Bg6 8. Ne5 Nbd7 9. Nxg6 hxg6 10. cxd5 Nxd5 11. Nxd5 cxd5 12. Bd2 Bd6 13. Bg2 Rc8 14. 0-0 Qb6 15. Qa4 Rc4 16. Qb3 Ke7 17. e4 Rxd4 18. Bc3 Rxe4 19. Bxe4 dxe4 20. Qxb6 Nxb6 21. Kg2 Nd5 22. Bd2 Bf4 23. Bxf4 Nxf4+ 24. Kg3 Ne2+ 25. Kh2 Nf4 26. Kg3 Ne2+ 27. Kh2 Nf4 28. Kg3 1/2-1/2

[Event "Muensterland Regionalliga 1516"]
[Site "Germany"]
[Date "2016.01.09"]
[Round "5.2"]
[White "Greifenberg, Daniel"]
[Black "Quante, Lennart"]
[Result "1/2-1/2"]
[WhiteElo "2004"]
[BlackElo "1954"]
[PlyCount "95"]
[EventDate "2015.09.05"]
[EventType "team"]
[EventRounds "9"]
[EventCountry "GER"]
[SourceTitle "EXT 2017"]
[Source "ChessBase"]
[SourceDate "2016.10.25"]
[SourceVersion "1"]
[SourceVersionDate "2016.10.25"]
[SourceQuality "1"]
[WhiteTeam "Raesfeld Erle"]
[BlackTeam "Muenster SK III"]
[WhiteTeamCountry "GER"]
[BlackTeamCountry "GER"]

1. d4 Nf6 2. Bg5 e6 3. e4 c5 4. Bxf6 Qxf6 5. c3 b6 6. g3 Bb7 7. Bg2 cxd4 8. cxd4 Nc6 9. Ne2 Ba6 10. e5 Qd8 11. Nbc3 Rc8 12. 0-0 Be7 13. Qa4 Na5 14. b4 Bxe2 15. Nxe2 Nc4 16. Rfc1 0-0 17. Bb7 Rc7 18. Ba6 d5 19. Rc2 b5 20. Qb3 Qb8 21. a4 bxa4 22. Rxa4 Nb6 23. Raa2 Nd7 24. Rxc7 Qxc7 25. Bd3 Qb8 26. b5 Rc8 27. Ra6 Bd8 28. Qb4 Bb6 29. Ra1 Rc7 30. Rc1 Rxc1+ 31. Nxc1 Qc7 32. Nb3 g6 33. Kf1 Nb8 34. Ke2 Nd7 35. Qd2 Kg7 36. h4 h5 37. f3 Qd8 38. Kf1 Qe7 39. Kg2 Qa3 40. Bc2 Qe7 41. Kh3 Nf8 42. Qc3 Qc7 43. Qd3 Qe7 44. Qd2 Kg8 45. Bd1 Kg7 46. Na5 Qa3 47. Nc6 a6 48. bxa6 1/2-1/2

[Event "Muensterland Regionalliga 1516"]
[Site "Germany"]
[Date "2015.09.26"]
[Round "2.2"]
[White "Wewers, Reinhard"]
[Black "Greifenberg, Daniel"]
[Result "1-0"]
[WhiteElo "2011"]
[BlackElo "2004"]
[PlyCount "95"]
[EventDate "2015.09.05"]
[EventType "team"]
[EventRounds "9"]
[EventCountry "GER"]
[SourceTitle "EXT 2017"]
[Source "ChessBase"]
[SourceDate "2016.10.25"]
[SourceVersion "1"]
[SourceVersionDate "2016.10.25"]
[SourceQuality "1"]
[WhiteTeam "Duelmen"]
[BlackTeam "Raesfeld Erle"]
[WhiteTeamCountry "GER"]
[BlackTeamCountry "GER"]

1. Nf3 d5 2. c4 c6 3. g3 g6 4. Bg2 Bg7 5. 0-0 e5 6. Qa4 Ne7 7. cxd5 Nxd5 8. Nc3 0-0 9. d3 h6 10. Bd2 Be6 11. Rac1 Nd7 12. Nxd5 cxd5 13. Ba5 b6 14. Bb4 Re8 15. Nd2 a5 16. Ba3 Rc8 17. Qb5 Nf6 18. Rxc8 Bxc8 19. Rc1 Bd7 20. Qa6 b5 21. b3 Qa8 22. Qxa8 Rxa8 23. Be7 Be6 24. Rc5 a4 25. Bxf6 Bxf6 26. Bxd5 Bxd5 27. Rxd5 axb3 28. axb3 b4 29. Rb5 Be7 30. Rxe5 Kf8 31. Kg2 Ra3 32. Re4 Ra1 33. Nc4 Rb1 34. Na5 f5 35. Rc4 Ke8 36. e4 Bd8 37. Nc6 Rxb3 38. exf5 gxf5 39. Rxb4 Rxd3 40. Rb8 Rd6 41. Rxd8+ Rxd8 42. Nxd8 Kxd8 43. Kf3 Ke7 44. Ke3 Ke6 45. Kd4 Kd6 46. f4 h5 47. h3 Ke6 48. Kc5 1-0

[Event "Muensterland Regionalliga 1516"]
[Site "Germany"]
[Date "2015.09.05"]
[Round "1.2"]
[White "Greifenberg, Daniel"]
[Black "Storck, Martin"]
[Result "1-0"]
[WhiteElo "2004"]
[BlackElo "1966"]
[PlyCount "191"]
[EventDate "2015.09.05"]
[EventType "team"]
[EventRounds "9"]
[EventCountry "GER"]
[SourceTitle "EXT 2017"]
[Source "ChessBase"]
[SourceDate "2016.10.25"]
[SourceVersion "1"]
[SourceVersionDate "2016.10.25"]
[SourceQuality "1"]
[WhiteTeam "Raesfeld Erle"]
[BlackTeam "Gronau"]
[WhiteTeamCountry "GER"]
[BlackTeamCountry "GER"]

1. d4 d5 2. c4 c6 3. Nc3 Nf6 4. Nf3 e6 5. e3 Bb4 6. a3 Bxc3+ 7. bxc3 Nbd7 8. cxd5 exd5 9. c4 0-0 10. cxd5 cxd5 11. Bd3 Ne4 12. 0-0 Ndf6 13. Qb3 Re8 14. a4 Re6 15. a5 Ng4 16. h3 Ngf6 17. Ne5 Nd7 18. Qxd5 Nef6 19. Qb5 a6 20. Qb1 Nxe5 21. dxe5 Rxe5 22. Bb2 Rg5 23. Rd1 Qe8 24. Bxf6 gxf6 25. Bxh7+ Kg7 26. h4 Rh5 27. Be4 Rxh4 28. Bf3 Qh8 29. Kf1 Be6 30. g3 Bc4+ 31. Kg1 Rh6 32. Qxb7 Rb8 33. Qe4 Bb5 34. Rd4 Re8 35. Qf4 Re5 36. Rad1 Be2 37. Rc1 Bxf3 38. Qxf3 Reh5 39. Rg4+ Rg6 40. Rxg6+ Kxg6 41. Qg4+ Rg5 42. Qe4+ Kg7 43. Rc7 Qd8 44. Ra7 Rxa5 45. Qb7 Qd1+ 46. Kg2 Qh5 47. Rxa6 Qd5+ 48. Qxd5 Rxd5 49. e4 Re5 50. f3 f5 51. exf5 Rxf5 52. g4 Rb5 53. Kg3 Rb3 54. Rd6 f6 55. Kf4 Rb5 56. Ke4 Re5+ 57. Kd4 Re1 58. Ra6 Kg6 59. f4 Kg7 60. Ra7+ Kg6 61. f5+ Kg5 62. Rg7+ Kf4 63. Kd5 Re5+ 64. Kd6 Ra5 65. Ke6 Ra6+ 66. Kf7 Rb6 67. Kg8 Rc6 68. Kh7 Rd6 69. Kh6 Rc6 70. Kh5 Rd6 71. Rg8 Rc6 72. Re8 Rc1 73. Re6 Rh1+ 74. Kg6 Rg1 75. Kxf6 Kxg4 76. Re4+ Kh5 77. Kf7 Rf1 78. f6 Kg5 79. Re5+ Kh6 80. Re2 Kg5 81. Rg2+ Kh6 82. Ke7 Re1+ 83. Kf8 Kh7 84. f7 Rf1 85. Rg7+ Kh8 86. Rg5 Kh7 87. Ke7 Re1+ 88. Kf6 Rf1+ 89. Ke7 Re1+ 90. Kf8 Rf1 91. Re5 Kg6 92. Re6+ Kh7 93. Ke8 Ra1 94. f8Q Ra8+ 95. Kf7 Ra7+ 96. Kf6 1-0

[Event "Muensterland Regionalliga 1415"]
[Site "Germany"]
[Date "2015.03.14"]
[Round "7.1"]
[White "Greifenberg, Daniel"]
[Black "Wieder, Heiner"]
[Result "1/2-1/2"]
[WhiteElo "2027"]
[BlackElo "2078"]
[PlyCount "57"]
[EventDate "2014.09.20"]
[EventType "team-tourn"]
[EventRounds "9"]
[EventCountry "GER"]
[SourceTitle "EXT 2016"]
[Source "ChessBase"]
[SourceDate "2015.10.08"]
[SourceVersion "1"]
[SourceVersionDate "2015.10.08"]
[SourceQuality "1"]
[WhiteTeam "Raesfeld Erle"]
[BlackTeam "Muenster III"]
[WhiteTeamCountry "GER"]
[BlackTeamCountry "GER"]

1. d4 f5 2. Bg5 Nf6 3. Bxf6 exf6 4. c4 Be7 5. e3 0-0 6. Nc3 d6 7. Bd3 g6 8. h4 h5 9. Nge2 Be6 10. Nf4 Bf7 11. Qf3 Kg7 12. Rh3 Rg8 13. Qxb7 Nd7 14. 0-0-0 Rb8 15. Qxa7 Qc8 16. Qa4 Qb7 17. Qc2 c6 18. b3 Kh6 19. f3 d5 20. c5 Nxc5 21. dxc5 Bxc5 22. Qd2 Ba3+ 23. Kb1 d4 24. Nb5 cxb5 25. exd4 Kh7 26. Rhh1 Qd7 27. Bc2 Bf8 28. Qf2 Bh6 29. Ne2 1/2-1/2

[Event "Muensterland Regionalliga 1415"]
[Site "Germany"]
[Date "2015.01.17"]
[Round "5.2"]
[White "Greifenberg, Daniel"]
[Black "Engels, Natia"]
[Result "1/2-1/2"]
[WhiteElo "2027"]
[BlackElo "2011"]
[PlyCount "61"]
[EventDate "2014.09.20"]
[EventType "team-tourn"]
[EventRounds "9"]
[EventCountry "GER"]
[SourceTitle "EXT 2016"]
[Source "ChessBase"]
[SourceDate "2015.10.08"]
[SourceVersion "1"]
[SourceVersionDate "2015.10.08"]
[SourceQuality "1"]
[WhiteTeam "Raesfeld Erle"]
[BlackTeam "Steinfurt"]
[WhiteTeamCountry "GER"]
[BlackTeamCountry "GER"]

1. d4 Nf6 2. Bg5 Ne4 3. Bf4 d5 4. e3 e6 5. Bd3 Bd6 6. Ne2 f5 7. c4 0-0 8. Nbc3 c6 9. Qb3 Kh8 10. f3 Bxf4 11. Nxf4 Qh4+ 12. g3 Nxg3 13. Ng2 Qh6 14. Rg1 Nh5 15. 0-0-0 dxc4 16. Qxc4 Nd7 17. Kb1 e5 18. d5 cxd5 19. Nxd5 Nb6 20. Qc5 Be6 21. Nc7 Rac8 22. Qxe5 Bd7 23. Nb5 Qe6 24. Qxe6 Bxe6 25. Nd6 Rb8 26. e4 fxe4 27. Bxe4 Nc4 28. b3 Nxd6 29. Rxd6 Bf5 30. Rgd1 g6 31. Ne3 1/2-1/2